000 01026 a2200349 4500
001 24145392
003 0000
005 20260312114954.0
008 250408s2025 nyu 000 0 eng
010 _a 2025935991
020 _a9780198845645
035 _a24145392
040 _aDLC
_beng
_erda
_cDLC
042 _apcc
050 _aRB 40 .C55
100 1 _aAhmed, Nessar,
_eauthor.
245 1 0 _aClinical biochemistry /
_cNessar Ahmed.
250 _a3rd. ed.
263 _a2508
264 1 _aNew York :
_bOxford University Press,
_c2025.
300 _axx, 718p. ill.
336 _atext
_btxt
_2rdacontent
337 _aunmediated
_bn
_2rdamedia
338 _avolume
_bnc
_2rdacarrier
490 _aFundamentals of Biomedical Science
500 _aInlcudes bibliographical references and index
650 _2Clinical chemistry
_vBiochemistry
651 _2
_v
906 _a0
_bibc
_corignew
_d2
_eepcn
_f20
_gy-gencatlg
942 _2lcc
_cBK
999 _c44118
_d44118